Asian Capitals - Statistics

General Stats
  • This quiz has been taken 189 times
  • The average score is 12 of 15
Answer Stats
Question Answer % Correct
Turkey Ankara
100%
Brunei Bandar Seri Begawan
100%
China Beijing
100%
Afghanistan Kabul
100%
India New Delhi
100%
Yemen Sana'a
100%
South Korea Seoul
100%
Indonesia Jakarta
86%
Philippines Manila
86%
Myanmar Naypyidaw
86%
Saudi Arabia Riyad
86%
United Arab Emirates Abu Dhabi
71%
Bahrain Manama
57%
Uzbekistan Tashkent
57%
Sri Lanka Both Sri Jayawardenepura Kotte and Colombo
14%
No matching quizzes found
Score Distribution
Percent of People with Each Score
Percentile by Number Answered
Your Score History
You have not taken this quiz